| 000 | 01234nam0a22002531 4500 | ||
|---|---|---|---|
| 001 | rc\1083374 | ||
| 005 | 20250622141112.0 | ||
| 035 | _a(NLR Aleph) 006331433 | ||
| 090 |
_a7549397 _c7549397 |
||
| 100 | _a20041126d1984 |||y0rusy50 ca | ||
| 101 | 0 | _arus | |
| 102 | _aRU | ||
| 105 | _aa ||||||||| | ||
| 200 | 1 |
_aИзобразительное искусство Советской Армении _e[Каталог выставки, Ленинград, нояб. 1984 г. _fСост. Т. Махмурян _gВступ. ст. Аракеляна Г.А., Нар. худож. Армении, чл.-кор. АХ СССР, Лауреата Госпремии СССР Мурадяна С.М. |
|
| 210 |
_aЕреван _cБ. и. _d1984 |
||
| 215 |
_a94 с. _cил. _d22 |
||
| 300 | _aВ надзаг.: М-во культуры АрмССР, Союз художников Армении, Дом художника Армении | ||
| 702 | 1 |
_4220 _7ca _8rus _aМахмурян _bТ. Л. _cактриса, искусствовед _f1910-1989 _gТатьяна Львовна _9206734 _3RU\NLR\AUTH\770206786 |
|
| 801 | 0 |
_aRU _bNLR _gpsbo |
|
| 801 | 1 |
_aRU _bELAR _2rusmarc |
|
| 852 |
_aNLR _bЭ _jКл452/1984 |
||
| 942 | _cBOOK | ||
| 980 | _aNB | ||